Mexico : its trade, industries and resources /

Saved in:
Bibliografiske detaljer
Hovedforfatter: García Cubas, Antonio, 1832-1912
Andre forfattere: Thompson, William (tr.), Cleveland, Charles B (joint tr.)
Format: Bog
Sprog:English
Udgivet: Mexico : Printed in the typograficial Office of the Department of fomento, colonization and industry, 1893.
Fag:
LEADER 01446cam a2200337 a 4500
001 c000402246
003 CARM
005 20190306123942.0
008 190306s1893 mx 000 0 eng d
010 |a 01000730 
016 7 |a CAT10958850  |2 DNAL 
019 1 |a 45491064  |z 27311402  |z 25169784  |5 LACONCORD2021 
035 |a (OCoLC)4913257  |5 LACONCORD2021 
040 |a DLC  |c CLE  |d OCLCQ  |d AGL  |d OCLCG  |d KRTAS  |d OCoLC  |d NSL 
042 |a premarc 
043 |a n-mx--- 
050 4 |a F1208  |b .G25 
100 1 |a García Cubas, Antonio,  |d 1832-1912. 
245 1 0 |a Mexico :  |b its trade, industries and resources /  |c by Antoino Garcia Cubas. Tr. by William Thompson, assisted by Charles B. Cleveland. 
260 |a Mexico :  |b Printed in the typograficial Office of the Department of fomento, colonization and industry,  |c 1893. 
300 |a xviii, 436, iv p. :  |b tables (1 fold.) ;  |c 23 cm. 
651 0 |a Mexico. 
651 0 |a Mexico  |x Economic conditions. 
700 1 |a Thompson, William,  |e tr. 
700 1 |a Cleveland, Charles B,  |e joint tr. 
852 8 |b CARM  |i C13722  |p 0652269  |n Poor condition  |f BK 
852 8 |b SCAN  |h A3:AH13G0  |i C13722  |p 0652269  |f BK 
852 8 |b SCAN  |h A3:AH13G0  |i C13722  |p 0652269  |f BK 
999 f f |i 8ec29c60-263f-5b16-a376-455c09d25812  |s fd28131f-178e-5133-b108-ae8e63ef2fdf 
952 f f |p Can circulate  |a CAVAL  |b CAVAL  |c CAVAL  |d CARM 1 Store  |e C13722  |h Other scheme  |i book  |m 0652269 
952 f f |a CAVAL  |b CAVAL  |c CAVAL  |d Unmapped Location  |e C13722  |f A3:AH13G0  |h Other scheme